Impact of ecological factors on the regeneration of mangroves in the Ciénaga Grande de Santa Marta, Colombia (Registro nro. 12359)

Detalles MARC
000 -CABECERA
Campo de control 008530000a22002410004500
090 ## - CLASIFICACIÓN LOCAL
Colección AR
Consecutivo 03308
041 0# - IDIOMA
Código de idioma para texto/pista de sonido o título separado
100 1# - ASIENTO PRINCIPAL--NOMBRE PERSONAL
Nombre personal Elster, Carola
245 10 - MENCION DE TITULO
Título Impact of ecological factors on the regeneration of mangroves in the Ciénaga Grande de Santa Marta, Colombia
650 14 - ASIENTO SECUNDARIO DE MATERIA - TERMINO TEMATICO
Término temático o nombre geográfico como elemento de entrada Ecosistemas costeros
650 14 - ASIENTO SECUNDARIO DE MATERIA - TERMINO TEMATICO
Término temático o nombre geográfico como elemento de entrada Manglares
650 14 - ASIENTO SECUNDARIO DE MATERIA - TERMINO TEMATICO
Término temático o nombre geográfico como elemento de entrada Regeneración de manglares
650 14 - ASIENTO SECUNDARIO DE MATERIA - TERMINO TEMATICO
Término temático o nombre geográfico como elemento de entrada Temperatura
650 14 - ASIENTO SECUNDARIO DE MATERIA - TERMINO TEMATICO
Término temático o nombre geográfico como elemento de entrada Análisis del agua
651 #4 - ASIENTO SECUNDARIO DE MATERIA - NOMBRE GEOGRAFICO
-- Cienaga Grande de Santa Marta
-- Magdalena
-- Colombia
653 ## - TERMINO DE INDIZACION - NO CONTROLADO
-- Avicennia
-- Avicennia germinans
653 ## - TERMINO DE INDIZACION - NO CONTROLADO
-- Laguncularia
-- Laguncularia racemosa
653 ## - TERMINO DE INDIZACION - NO CONTROLADO
-- Rhizophora
-- Rhizophora mangle
700 1# - ASIENTO SECUNDARIO - NOMBRE PERSONAL
Nombre personal Perdomo, Laura
700 1# - ASIENTO SECUNDARIO - NOMBRE PERSONAL
Nombre personal Schnetter, Marie Luise
773 1# - Item fuente:
Título Hydrobiologia
Especificación de materiales 32
Paginas del Articulo 35-46
Lugar, editorial y fecha de publicación 1999
Información sobre la relación 413
942 ## - ELEMENTOS ADICIONALES (KOHA)
Tipo de ítem Artículo
Existencias
Withdrawn status Lost status Damaged status No para préstamo Colección Ubicación Permanente Ubicación actual Fecha de adquisición Fuente de Valor Datos de publicación Seriada Total Checkouts Número topográfico Inventario / Código de Barras Date last seen Ejemplar Price effective from Forma de adquisición Tipo de material
      No para Préstamo Hemeroteca Bogotá Bogotá 27/02/2015 Muñoz Saba, Yaneth Fuera de circulación   AR 03308 013769 25/03/2015 1 25/03/2015   Artículo